LIBRARY & INFORMATION CENTRE, KCAET, TAVANUR

ONLINE PUBLIC ACCESS CATALOGUE (OPAC)

Predicting the coefficient of permeability of soils based on grain size analysis (Record no. 15180)

MARC details
000 -LEADER
fixed length control field 00819nam a22002177a 4500
003 - CONTROL NUMBER IDENTIFIER
control field OSt
088 ## - REPORT NUMBER
Report number P 190
100 ## - MAIN ENTRY--AUTHOR NAME
Personal name ASHIL V. S
245 ## - TITLE STATEMENT
Title Predicting the coefficient of permeability of soils based on grain size analysis
260 ## - PUBLICATION, DISTRIBUTION, ETC. (IMPRINT)
Place of publication Tavanur 2009
Name of publisher Department of Land and Water Resources and Conservation Engineering
300 ## - PHYSICAL DESCRIPTION
Number of Pages 73
500 ## - GENERAL NOTE
General note Predicting the coefficient of permeability of soils based on grain size analysis
520 ## - SUMMARY, ETC.
Summary, etc Predicting the coefficient of permeability of soils based on grain size analysis
700 ## - ADDED ENTRY--PERSONAL NAME
Personal name Drisya J
700 ## - ADDED ENTRY--PERSONAL NAME
Personal name Haritha V. P
700 ## - ADDED ENTRY--PERSONAL NAME
Personal name Rose Antony
700 ## - ADDED ENTRY--PERSONAL NAME
Personal name Er. Renuka Kumari J (Guide)
856 ## - ELECTRONIC LOCATION AND ACCESS
Uniform Resource Identifier https://drive.google.com/open?id=1NTuINUi8OPBdLSMFvIP08yKj39JStXsP
942 ## - ADDED ENTRY ELEMENTS (KOHA)
Koha item type Project Report
Holdings
Collection code Home library Current library Shelving location Full call number Accession Number Koha item type
Reference KAUAET KAUAET Reference 631.75807 ASH/PR P 190 Project Report
free website counter